Caligrafía (Registro nro. 10146)
[ vista simple ]
| 000 -LEADER | |
|---|---|
| fixed length control field | 00814nam a2200277 a 4500 |
| 001 - CONTROL NUMBER | |
| control field | 0000392 |
| 003 - CONTROL NUMBER IDENTIFIER | |
| control field | DO-SdBNP |
| 005 - DATE AND TIME OF LATEST TRANSACTION | |
| control field | 20160513153705.0 |
| 007 - PHYSICAL DESCRIPTION FIXED FIELD--GENERAL INFORMATION | |
| fixed length control field | 0000392 |
| 008 - FIXED-LENGTH DATA ELEMENTS--GENERAL INFORMATION | |
| fixed length control field | 150817s200u ac spa d |
| 020 ## - INTERNATIONAL STANDARD BOOK NUMBER | |
| International Standard Book Number | 8482612026 |
| 040 ## - CATALOGING SOURCE | |
| Original cataloging agency | BPMSU |
| Language of cataloging | spa |
| Transcribing agency | BPMSU |
| 092 ## - LOCALLY ASSIGNED DEWEY CALL NUMBER (OCLC) | |
| Classification number | 372.634 |
| Item number | A452c 200u |
| 100 1# - MAIN ENTRY--PERSONAL NAME | |
| Personal name | Almonte, Dorka |
| 245 10 - TITLE STATEMENT | |
| Title | Caligrafía |
| Remainder of title | [educación básica] / |
| Statement of responsibility, etc. | Dorka Almonte |
| 260 ## - PUBLICATION, DISTRIBUTION, ETC. (IMPRINT) | |
| Place of publication, distribution, etc. | Santo Domingo : |
| Name of publisher, distributor, etc. | Public Expres, |
| Date of publication, distribution, etc. | [200u]. |
| 300 ## - PHYSICAL DESCRIPTION | |
| Extent | 62 p : |
| Other physical details | il. |
| Dimensions | 28 cm. |
| 650 ## - SUBJECT ADDED ENTRY--TOPICAL TERM | |
| Topical term or geographic name as entry element | CALIGRAFÍA |
| General subdivision | ENSEÑANZA BÁSICA |
| 650 ## - SUBJECT ADDED ENTRY--TOPICAL TERM | |
| Topical term or geographic name as entry element | CALIGRAFÍA |
| General subdivision | EDUCACIÓN PRIMARIA |
| 650 ## - SUBJECT ADDED ENTRY--TOPICAL TERM | |
| Topical term or geographic name as entry element | EDUCACIÓN BÁSICA |
| Geographic subdivision | REPÚBLICA DOMINICANA |
| 650 ## - SUBJECT ADDED ENTRY--TOPICAL TERM | |
| Topical term or geographic name as entry element | CALIGRAFÍA |
| General subdivision | LIBROS DE TEXTO |
| 650 ## - SUBJECT ADDED ENTRY--TOPICAL TERM | |
| Topical term or geographic name as entry element | CALIGRAFÍA |
| General subdivision | ESTUDIOS Y EJERCICIOS |
| 910 ## - USER-OPTION DATA (OCLC) | |
| User-option data | 00144 |
| 942 ## - ADDED ENTRY ELEMENTS (KOHA) | |
| Source of classification or shelving scheme | Dewey Decimal Classification |
| Koha item type | Libros |
| 956 ## - LOCAL ELECTRONIC LOCATION AND ACCESS (OCLC) | |
| Host name | Yngrid Lockward |
| Access number | 10 |
| Withdrawn status | Lost status | Source of classification or shelving scheme | Damaged status | Not for loan | Collection code | Home library | Current library | Date acquired | Source of acquisition | Total Checkouts | Barcode | Date last seen | Price effective from | Koha item type |
|---|---|---|---|---|---|---|---|---|---|---|---|---|---|---|
| Dewey Decimal Classification | Biblioteca Pública Metropolitana Salomé Ureña | Biblioteca Pública Metropolitana Salomé Ureña | 05/13/2016 | Donación | BPMSU16050345 | 05/13/2016 | 05/13/2016 | Libros |